Nové traktory a závesné náradie výrazne znížili spotrebu nafty v Olšanke Košické Olšany

Bibliographic Details
Main Author: Kukučka, Marián (Author)
Format: Article
Language:Slovak
PhysicalDescription:Fotogr.
ISSN:1335-6178
Subjects:

MARC

LEADER 00000nab a2200000 a 4500
001 vtls009486927
003 SK-MaSNL
005 20260304164215.0
008 250507c2009 xo |||||||||||000 b|slo
015 |a SNBRB2009/03  |2 snkbucl 
035 |a (uuid)e4c52418-f97c-4d29-a8a1-96004539dba5 
035 |a urn:nbn:sk:snk-ab1z9v 
035 |a (urnnbn)urn:nbn:sk:snk:ar-a01ak4 
038 |a SNKBUCL 
040 |a SNKBUCL  |b slo  |c SNKBUCL  |e AACR2 
041 0 |a slo 
044 |a xo  |c SK 
080 |a 631.3  |2 1997 
080 |a 631.115  |x (437.6)  |2 1997 
100 1 |a Kukučka, Marián  |4 aut  |9 267563 
245 1 0 |a Nové traktory a závesné náradie výrazne znížili spotrebu nafty v Olšanke Košické Olšany  |c Marián Kukučka 
300 |b Fotogr. 
610 2 7 |a Olšanka (Košické Olšany, Slovensko)  |2 snkbucl  |9 1492534 
650 0 7 |a poľnohospodárska technika  |2 snkbucl  |9 681 
651 7 |a Košické Oľšany (Slovensko)  |2 snkbucl  |9 29955 
651 7 |a Košice-okolie (Slovensko : okres)  |2 snkbucl  |9 146743 
773 0 |t Moderná mechanizácia v poľnohospodárstve  |g Roč. XII, č. 3 (2009), s. 10-11  |x 1335-6178 
850 |a Slovenská národná knižnica 
852 |a Slovenská národná knižnica 
954 |a odborná, vedecká literatúra pôvodná (slovenská)  |2 lita 
958 |a article27 
958 |a SK 
958 |a OND 
958 |a EUIPO 
999 |c 2980041  |d 2981971